Kamus peribahasa melayu

Bibliographic Details
Main Author: Sapinah Said (Author)
Format: Book
Language:Malay
Published: Johor : Penerbitan Pelangi , c2004
Subjects:

MARC

LEADER 00000cam a2200000 7i4500
001 0000069080
005 20101110093000.0
008 101017s2004 my may
020 |a 9789830004082 
020 |a 9830004082 
090 0 0 |a PL5083   |b .S27 2004 
100 0 |a Sapinah Said ,   |e author 
245 1 0 |a Kamus peribahasa melayu   |c Sapinah Haji Said 
260 |a Johor :   |b Penerbitan Pelangi ,   |c c2004 
300 |a 1322 p. ;   |c 17 cm. 
504 |a Includes bibliographical references 
650 0 |a Malay language   |v Dictionaries 
650 0 |a Malay language   |x Idioms 
650 0 |a Proverbs, Malay   |x Dictionaries 
999 |a 1000132922   |b Book   |c Reference   |e Gong Badak Campus